00181nam a2200073Ia 4500008004100000082000800041100001800049245004000067240331s9999 xx 000 0 und d bFAR aFarrington, K 2aA history of punishment and torture